Statistiques concernant Où vivent les ... ? Gentilés départementaux...

Cliquez ici pour prendre le quiz!

Statistiques générales

  • Ce quiz a été pris 101 fois
  • Le résultat moyen est 79 sur 100

Statistiques - réponses

GentiléDépartement% Correct
16CharentaisCharente
100%
973GuyanaisGuyane
100%
59NordistesNord
100%
26DrômoisDrôme
95%
51MarnaisMarne
93%
55MeusiensMeuse
92%
11AudoisAude
91%
54MeurthoisMeurthe-et-Moselle
91%
69RhodaniensRhône
91%
33GirondinGironde
89%
62Pas-de-CalaisiensPas-de-Calais
89%
88VosgiensVosges
89%
07ArdéchoisArdèche
88%
24DordognotsDordogne
88%
972MartiniquaisMartinique
88%
77Seine-et-MarnaisSeine-et-Marne
88%
83VaroisVar
88%
08ArdennaisArdennes
87%
14CalvadosiensCalvados
87%
23CreusoisCreuse
87%
29FinistériensFinistère
87%
30GardoisGard
87%
971GuadeloupéensGuadeloupe
87%
52Haut-MarnaisHaute-Marne
87%
05Hauts-AlpinsHautes-Alpes
87%
34HéraultaisHérault
87%
39JurassiensJura
87%
57MosellansMoselle
87%
75ParisiensParis
87%
73SavoyardsSavoie
87%
95Val-d'OisiensVal-d'Oise
87%
84VauclusiensVaucluse
87%
85VendéensVendée
87%
86ViennoisVienne
87%
78YvelinoisYvelines
87%
09AriégeoisAriège
86%
10AuboisAube
86%
12AveyronnaisAveyron
86%
67Bas-RhinoisBas-Rhin
86%
15CantalousCantal
86%
17MaricharentaisCharente-Maritime
86%
19CorréziensCorrèze
86%
91EssonniensEssonne
86%
27EuroisEure
86%
32GersoisGers
86%
70Haut-SaônoisHaute-Saône
86%
74Hauts-SavoyardsHaute-Savoie
86%
68Haut-RhinoisHaut-Rhin
86%
36IndroisIndre
86%
46LotoisLot
86%
47Lot-et-GaronnaisLot-et-Garonne
86%
48LozérienLozère
86%
56MorbihannaisMorbihan
86%
974RéunionnaisRéunion
86%
72SarthoisSarthe
86%
82Tarn-et-GaronnaisTarn-et-Garonne
86%
94Val-de-MarnaisVal-de-Marne
86%
87Hauts-ViennoisHaute-Vienne
84%
38IseransIsère
84%
40LandescotsLandes
84%
50ManchotsManche
84%
53MayennaisMayenne
84%
61OrnaisOrne
84%
71Saône-et-LoiriensSaône-et-Loire
84%
81TarnaisTarn
84%
25DoubiensDoubs
83%
01AindinoisAin
82%
21Côte-d'OriensCôte-d'Or
80%
79Deux-SévriensDeux-Sèvres
80%
63PuydomoisPuy-de-Dôme
79%
90TerrifortainsTerritoire de Belfort
79%
13Bucco-RhodaniensBouches-du-Rhône
78%
2A/2BCorsesCorse-du-Sud | Haute-Corse
78%
22CostarmoricainsCôtes-d'Armor
75%
28EuréliensEure-et-Loir
75%
37IndroligériensIndre-et-Loire
74%
45LoirétainsLoiret
74%
76SeinomarinsSeine-Maritime
74%
31GaronnaisHaute-Garonne
70%
58NivernaisNièvre
70%
06MéralpinsAlpes-Maritimes
68%
02AxonaisAisne
67%
976MahoraisMayotte
67%
92AltoséquanaisHauts-de-Seine
59%
93Séquano-DionysiensSeine-Saint-Denis
58%
42LigériensLoire
55%
44MariligériensLoire-Atlantique
53%
49AngevinsMaine-et-Loire
53%
43AltiligériensHaute-Loire
51%
80SamariensSomme
51%
03BourbonnaisAllier
50%
04Bas-AlpinsAlpes-de-Haute-Provence
50%
35BretilliensIlle-et-Vilaine
50%
64Basco-BéarnaisPyrénées-Atlantique
49%
66RoussillonnaisPyrénées-Orientales
49%
60IsarienOise
47%
18BerrichonsCher
45%
89IcaunaisYonne
42%
65BigourdansHautes-Pyrénées
41%
41LédocariensLoir-et-Cher
37%

Distribution des résultats

Percentile par nombre de réponses

% des personnes avec chaque résultat

Votre développement - résultats

Vous n’avez pas pris ce quiz